[Event "Olympiad-43"]
[Site "Batumi"]
[Date "2018.10.04"]
[Round "10.3"]
[White "Naser Eldean, Ahmed"]
[Black "Dos Reis, Tito"]
[Result "0-1"]
[WhiteElo "1906"]
[BlackElo "1627"]
[PlyCount "133"]
[EventDate "2018.09.24"]
[EventType "team-swiss"]
[EventRounds "11"]
[EventCountry "GEO"]
[SourceTitle "CBM 187"]
[Source "ChessBase"]
[SourceDate "2018.12.11"]
[SourceVersion "1"]
[SourceVersionDate "2018.12.11"]
[SourceQuality "1"]
[WhiteTeam "Libya"]
[BlackTeam "Timor Leste"]
[WhiteTeamCountry "LBY"]

1. e4 e5 2. Bc4 Nf6 3. d3 h6 4. a3 Bc5 5. Nf3 Nc6 6. c3 d6 7. h3 a6 8. Bb3 Bd7 9. Nbd2 Ne7 10. d4 exd4 11. cxd4 Bb6 12. 0-0 c6 13. Re1 Bc7 14. e5 dxe5 15. dxe5 Nfd5 16. Ne4 Be6 17. Nc5 Qc8 18. Nxe6 fxe6 19. Nh4 g6 20. Qg4 Kd7 21. Nf3 Bb6 22. Be3 Bxe3 23. fxe3 Qg8 24. e4 Nc7 25. Nd4 h5 26. Qg5 Re8 27. Rad1 Kc8 28. Qc1 g5 29. Qc4 Ng6 30. Qb4 Nxe5 31. Nf5 Nf7 32. Ne7+ Rxe7 33. Qxe7 Ne5 34. Rd6 Kb8 35. Bxe6 Nxe6 36. Qxe6 Qxe6 37. Rxe6 Nd3 38. Re2 Nf4 39. Rd6 Nxe2+ 40. Kf2 Nf4 41. Kg1 Re8 42. g3 Nxh3+ 43. Kg2 g4 44. Rh6 Re5 45. b4 Kc7 46. Rh7+ Kb6 47. a4 a5 48. bxa5+ Rxa5 49. Re7 Rxa4 50. e5 Ra2+ 51. Kf1 Ra3 52. Kg2 Re3 53. Re8 Kc5 54. e6 Kd6 55. Rd8+ Kc7 56. Rd7+ Kc8 57. Re7 b5 58. Re8+ Kc7 59. Kf1 b4 60. e7 Kd7 61. Rb8 c5 62. Rb7+ Ke8 63. Rc7 Re5 64. Kg2 b3 65. Kf1 Ng5 66. Rb7 c4 67. Rb4 0-1

[Event "Olympiad-43"]
[Site "Batumi"]
[Date "2018.10.01"]
[Round "7.89"]
[White "Dube, Rene"]
[Black "Dos Reis, Tito"]
[Result "1-0"]
[WhiteElo "1743"]
[BlackElo "1627"]
[PlyCount "69"]
[EventDate "2018.09.24"]
[EventType "team-swiss"]
[EventRounds "11"]
[EventCountry "GEO"]
[SourceTitle "CBM 187"]
[Source "ChessBase"]
[SourceDate "2018.12.11"]
[SourceVersion "1"]
[SourceVersionDate "2018.12.11"]
[SourceQuality "1"]
[WhiteTeam "Nauru"]
[BlackTeam "Timor Leste"]
[WhiteTeamCountry "NAU"]

1. e4 e5 2. Nf3 Nc6 3. d4 exd4 4. Bc4 h6 5. 0-0 Bc5 6. c3 dxc3 7. Bxf7+ Kf8 8. Nxc3 d6 9. Bb3 Bg4 10. h3 Bh5 11. Qd5 Nf6 12. Qd3 a6 13. Nd5 Bg6 14. Nxf6 Qxf6 15. Be3 Bf7 16. Bxf7 Qxf7 17. a3 Rd8 18. Rac1 Ba7 19. Rxc6 Bxe3 20. fxe3 Ke8 21. Rcc1 Qe7 22. Nd4 g6 23. e5 Rg8 24. Qb3 Rg7 25. e6 c5 26. Qa4+ b5 27. Nxb5 Qg5 28. Nxd6+ Ke7 29. Nc4 Rd2 30. Nxd2 Qxe3+ 31. Kh1 Qxd2 32. Rcd1 Qxd1 33. Rxd1 Kxe6 34. Qxa6+ Kf5 35. Re1 1-0

[Event "Olympiad-43"]
[Site "Batumi"]
[Date "2018.09.28"]
[Round "5.89"]
[White "Dos Reis, Tito"]
[Black "Pillay, Ragul Snega"]
[Result "1-0"]
[WhiteElo "1627"]
[BlackElo "1353"]
[PlyCount "77"]
[EventDate "2018.09.24"]
[EventType "team-swiss"]
[EventRounds "11"]
[EventCountry "GEO"]
[SourceTitle "CBM 187"]
[Source "ChessBase"]
[SourceDate "2018.12.11"]
[SourceVersion "1"]
[SourceVersionDate "2018.12.11"]
[SourceQuality "1"]
[WhiteTeam "Timor Leste"]
[BlackTeam "Seychelles"]
[BlackTeamCountry "SEY"]

1. f4 c5 2. Nf3 g6 3. e3 Bg7 4. c3 Nf6 5. d4 cxd4 6. exd4 0-0 7. Bd3 Nc6 8. 0-0 d6 9. Nbd2 e5 10. fxe5 dxe5 11. dxe5 Qxd3 12. exf6 Bxf6 13. Qe1 Bf5 14. Nb3 Rfe8 15. Qg3 Ne5 16. Bf4 Nc4 17. Rad1 Qe4 18. Rde1 Qc6 19. Nbd4 Qb6 20. b3 Na5 21. Kh1 Bd3 22. Rg1 Nc6 23. Ne5 Ba6 24. Nd7 Rxe1 25. Nxb6 Rxg1+ 26. Kxg1 Nxd4 27. cxd4 Bxd4+ 28. Be3 Bxb6 29. Bxb6 axb6 30. h4 Rd8 31. Qc7 Rd1+ 32. Kh2 Rd2 33. a4 h6 34. b4 Bf1 35. Qxb7 Bxg2 36. Qxg2 Rxg2+ 37. Kxg2 Kf8 38. a5 bxa5 39. bxa5 1-0

[Event "Olympiad-43"]
[Site "Batumi"]
[Date "2018.09.25"]
[Round "2.3"]
[White "Alfaro Caracas, William"]
[Black "Dos Reis, Tito"]
[Result "1-0"]
[WhiteElo "2163"]
[BlackElo "1627"]
[PlyCount "77"]
[EventDate "2018.09.24"]
[EventType "team-swiss"]
[EventRounds "11"]
[EventCountry "GEO"]
[SourceTitle "CBM 187"]
[Source "ChessBase"]
[SourceDate "2018.12.11"]
[SourceVersion "1"]
[SourceVersionDate "2018.12.11"]
[SourceQuality "1"]
[WhiteTeam "Nicaragua"]
[BlackTeam "Timor Leste"]
[WhiteTeamCountry "NCA"]

1. e4 e6 2. d4 c6 3. Nf3 h6 4. Bd3 a6 5. a4 d5 6. e5 c5 7. c3 Nc6 8. 0-0 Bd7 9. Be3 Qb6 10. dxc5 Qxb2 11. Ra3 Bxc5 12. Bxc5 Na5 13. Re1 Rc8 14. Bb4 Rxc3 15. Bxc3 Qb6 16. Bd4 Qd8 17. Bc2 Ne7 18. Qd3 Nc4 19. Ra1 Bc6 20. Nbd2 Nxd2 21. Nxd2 g6 22. Qh3 Nf5 23. Bc5 Qa5 24. Nb3 Qc7 25. Bxf5 gxf5 26. Bd6 Qd8 27. Nd4 Bd7 28. Rab1 Qa5 29. Rec1 b5 30. axb5 axb5 31. Bc7 Qd2 32. Nf3 Qf4 33. Bd6 Rg8 34. g3 Rg4 35. Qf1 Qxf3 36. Rc8+ Bxc8 37. Qxb5+ Kd8 38. Qb6+ Ke8 39. Qc6+ 1-0